Western civilization : Source, images, and interpretations
Contents: Part 1: The early modern period; Part 2: The nineteenth century; part 3: The twentienth century: 1914 to the present
Na minha lista:
| Formato: | Livro |
|---|---|
| Idioma: | Undetermined |
| Publicado em: |
New York
McGraw-Hill
1995
|
| Assuntos: | |
| Tags: |
Adicionar Tag
Sem tags, seja o primeiro a adicionar uma tag!
|
| Thư viện lưu trữ: | Trung tâm Học liệu Trường Đại học Cần Thơ |
|---|
| LEADER | 00756nam a2200205Ia 4500 | ||
|---|---|---|---|
| 001 | CTU_141023 | ||
| 008 | 210402s9999 xx 000 0 und d | ||
| 082 | |a 909.09821 | ||
| 082 | |b W526/Vol.2 | ||
| 245 | 0 | |a Western civilization : | |
| 245 | 0 | |b Source, images, and interpretations | |
| 245 | 0 | |c Dennis Sherman edited by | |
| 260 | |a New York | ||
| 260 | |b McGraw-Hill | ||
| 260 | |c 1995 | ||
| 520 | |a Contents: Part 1: The early modern period; Part 2: The nineteenth century; part 3: The twentienth century: 1914 to the present | ||
| 650 | |a Civilization, Western,Civilization, Western,Văn minh, phương tây | ||
| 650 | |x History,Sources,History,Lịch sử | ||
| 904 | |i Tuyến | ||
| 980 | |a Trung tâm Học liệu Trường Đại học Cần Thơ | ||